000 00761nam a2200265 a 4500
003 AR-BaBNM
005 20251128205217.0
008 082120s2002 ||||||||||||||000 | spa||
020 _a950-9896-34-9
040 _cAR-BaBNM
100 1 _aAguilar, Marcelo
245 0 0 _aTalleres creativos
_bestudios sociales 3er ciclo
260 _aBuenos Aires
_bEdiciones Docentes Argentinas
_c1994
300 _a315 p.
_bil., mapas
650 4 _aCIENCIAS SOCIALES
650 4 _aENSEÑANZA DE LA HISTORIA
650 4 _aENSEÑANZA DE LA GEOGRAFIA
650 4 _aCREATIVIDAD
650 4 _aACTIVIDADES DE APRENDIZAJE
650 4 _aACTIVIDADES DE LA CLASE
653 _aTALLERES EDUCATIVOS
700 1 _aPaura, Carlos
_eilustrador
942 _cBK
998 _cCARMEN
999 _c10464
_d10464